Αι πρώται βιομηχανήσιμοι ύλαι της Ελλάδος : ορυκταί - φυτικαί - ζωϊκαί
Αποθηκεύτηκε σε:
| Κύριος συγγραφέας: | |
|---|---|
| Συγγραφή απο Οργανισμό/Αρχή: | |
| Μορφή: | Βιβλίο |
| Γλώσσα: | Greek |
| Δημοσίευση: |
Εν Αθήναις :
Εκ του Εθνικού Τυπογραφείου,
1923.
|
| Θέματα: | |
| Ετικέτες: |
Προσθήκη ετικέτας
Δεν υπάρχουν, Καταχωρήστε ετικέτα πρώτοι!
|
MARC
| LEADER | 00000cam a2200000 i 4500 | ||
|---|---|---|---|
| 001 | 1/65288 | ||
| 008 | 150128s1923 gr | ||| |||| ||gre|| | ||
| 035 | |l 10120760 | ||
| 040 | |a GR-MyUA |b gre |e AACR2 | ||
| 041 | 0 | |a gre | |
| 082 | 0 | |a 338 |2 (23) | |
| 100 | 1 | |a Στεργίου, Κωνσταντίνος Αχ. | |
| 110 | 2 | |a Υπουργείον Εθνικής Οικονομίας Τμήμα βιομηχανίας |b Διεύθυνσις εμπορίου και βιομηχανίας. | |
| 245 | 1 | 3 | |a Αι πρώται βιομηχανήσιμοι ύλαι της Ελλάδος : |b ορυκταί - φυτικαί - ζωϊκαί / |c υπό Κωνστ. Αχ. Στεργίου. |
| 260 | |a Εν Αθήναις : |b Εκ του Εθνικού Τυπογραφείου, |c 1923. | ||
| 300 | |a 234 σ. : |b πίν. ; |c 25 εκ. | ||
| 500 | |a Στο 2ο αντίτυπο στο εξώφυλλο και στη σ. τ. υπάρχει κυκλική σφραγίδα "Ερυθρός Σταυρός Νεότητος - Σάμος - Καρλόβασι". | ||
| 650 | 0 | 0 | |a Industrial productivity. |
| 650 | 0 | 0 | |a Industries |z Greece |x Statistics. |
| 852 | |a INST |b SAMOS |c PORFYRIADA |e 20150128 |h 338 ΣΤΕ |p 005300041443 |q 005300041443 |t NOLOAN |y 23 | ||
| 852 | |a INST |b SAMOS |c PORFYRIADA |e 20150128 |h 338 ΣΤΕ |p 005300041444 |q 005300041444 |t NOLOAN |y 23 | ||
| 901 | |a BIBL3-2015-1 | ||
| 909 | |a Σ |b 185989 | ||
| 909 | |a Σ |b 185990 | ||
| 970 | |a ΣΙΤΖΙΜΗ |b ΓΙΑΣΕΜΗ |z 2015/01/28 | ||